000 00342nam a2200145Ia 4500
008 230917s9999||||xx |||||||||||||| ||und||
040 _e169639
_aMAIN
041 _aEnglish
082 _a658.3 M741M
100 _aMonappa, Arun
245 0 _aManaging human resource
260 _aDelhi
_bMacmillan
_c1997
300 _a286 p.
942 _cBK
999 _c101980
_d101980